Abundance, distribution, and movements of manatees (<Trichechus manatus>) in Brevard County, Florida (Registro nro. 9666)
[ vista simple ]
| 000 -CABECERA | |
|---|---|
| Campo de control | 006280000a22001810004500 |
| 090 ## - CLASIFICACIÓN LOCAL | |
| Colección | AR |
| Consecutivo | 00574 |
| 041 0# - IDIOMA | |
| Código de idioma para texto/pista de sonido o título separado | |
| 100 1# - ASIENTO PRINCIPAL--NOMBRE PERSONAL | |
| Nombre personal | Shane, Susan H. |
| 245 10 - MENCION DE TITULO | |
| Título | Abundance, distribution, and movements of manatees (<Trichechus manatus>) in Brevard County, Florida |
| 650 14 - ASIENTO SECUNDARIO DE MATERIA - TERMINO TEMATICO | |
| Término temático o nombre geográfico como elemento de entrada | Mamíferos acuáticos |
| 650 14 - ASIENTO SECUNDARIO DE MATERIA - TERMINO TEMATICO | |
| Término temático o nombre geográfico como elemento de entrada | Distribución geográfica |
| 650 14 - ASIENTO SECUNDARIO DE MATERIA - TERMINO TEMATICO | |
| Término temático o nombre geográfico como elemento de entrada | Densidad poblacional |
| 650 14 - ASIENTO SECUNDARIO DE MATERIA - TERMINO TEMATICO | |
| Término temático o nombre geográfico como elemento de entrada | Uso del habitat |
| 651 #4 - ASIENTO SECUNDARIO DE MATERIA - NOMBRE GEOGRAFICO | |
| -- | Florida |
| -- | Estados Unidos |
| 653 ## - TERMINO DE INDIZACION - NO CONTROLADO | |
| -- | Trichechus |
| -- | Trichechus manatus |
| -- | manatí |
| 773 1# - Item fuente: | |
| Título | Bulletin of Marine Science |
| Especificación de materiales | 158 |
| Descripción física | 1 |
| Paginas del Articulo | 1-9 |
| Lugar, editorial y fecha de publicación | 1983 |
| Información sobre la relación | 33 |
| 942 ## - ELEMENTOS ADICIONALES (KOHA) | |
| Tipo de ítem | Artículo |
| Withdrawn status | Lost status | Damaged status | No para préstamo | Colección | Ubicación Permanente | Ubicación actual | Fecha de adquisición | Fuente de Valor | Datos de publicación Seriada | Total Checkouts | Número topográfico | Inventario / Código de Barras | Date last seen | Ejemplar | Price effective from | Forma de adquisición | Tipo de material |
|---|---|---|---|---|---|---|---|---|---|---|---|---|---|---|---|---|---|
| No para Préstamo | Hemeroteca | Bogotá | Bogotá | 27/02/2015 | Muñoz Saba, Yaneth | Fuera de circulación | AR 00574 | 010886 | 25/03/2015 | 1 | 25/03/2015 | Artículo |